NHỮNG THIÊN THẦN ÁO TRẮNG

Đã lưu trong:
Sonraí Bibleagrafaíochta
Príomhúdar: ĐẶNG KIM SƠN
Formáid: Leabhar
Teanga:Vietnamese
Foilsithe: HÀ NỘI 2011
Ábhair:
Clibeanna: Cuir Clib Leis
Gan Chlibeanna, Bí ar an gcéad duine leis an taifead seo a chlibeáil!
Thư viện lưu trữ: Mạng thư viện Đại học Đà Nẵng
LEADER 00873nam a22002531a 4500
001 000034242
003 10434
005 20151027132112.0
008 151027s2011 000 vie
041 |a vie 
082 |a 398.9  |b ĐĂ-S 
100 |a ĐẶNG KIM SƠN 
245 |a NHỮNG THIÊN THẦN ÁO TRẮNG  |c ĐẶNG KIM SƠN 
260 |a HÀ NỘI  |c 2011 
300 |a 307tr. : ill ; 30cm 
650 |a NHỮNG THIÊN THẦN ÁO TRẮNG, THIÊN THẦN ÁO TRẮNG 
OWN |a LNN 
AVA |a UDN50  |b LNN  |d 398.9 ĐĂ-S  |e available  |t Error 5001 Not defined in file expand_doc_bib_avail.  |f 3  |g 0  |h N  |i 0  |k 1 
999 |a From the UDN01 
AVA |a UDN50  |b LNN  |d 398.9 ĐĂ-S  |e available  |t Error 5001 Not defined in file expand_doc_bib_avail.  |f 3  |g 0  |h N  |i 0  |k 1 
TYP |a Monograph 
980 |a Mạng thư viện Đại học Đà Nẵng